| 000 | 00387nam a22001457a 4500 | ||
|---|---|---|---|
| 999 |
_c193367 _d193367 |
||
| 008 | 221025b ||||| |||| 00| 0 eng d | ||
| 082 | _aS-SIN | ||
| 100 | _aSINHA,SAROJNI | ||
| 245 |
_aA PINCH OF SALT ROCKS AN EMPIRE _hENGLISH |
||
| 260 |
_aNEW DELHI _bA.I.C.B _cROHINI |
||
| 270 | _aA.I.C.B ,ROHINI NEW DELHI | ||
| 300 |
_a. _b. _c12X13 |
||
| 490 | _v1-2 | ||
| 942 |
_2ddc _cBRLEN _kS _mSIN |
||